Celebration songs

Bibliographic Details
Main Author: Thompson, Diana
Other Authors: Winfield, Shirley
Format: Book
Published: Edinburgh : Oliver & Body , 1983
Subjects:

MARC

LEADER 00000cam a2200000 7i4500
001 0000034533
002 000037325
005 20000331.0
020 |a 0050032992 
090 0 0 |a 784   |b THO 
100 1 |a Thompson, Diana 
245 1 0 |a Celebration songs   |c Diana Thompson and Shirley Winfield 
260 |a Edinburgh :   |b Oliver & Body ,   |c 1983 
300 |a 45 p. :   |b ill. ;   |c 28 cm. 
650 0 0 |a Musical books 
650 0 0 |a Songs 
700 1 |a Winfield, Shirley 
999 |a 0004879   |b BUKU   |c PINJAMAN   |e PERPUSTAKAAN KOMUNITI PETALING JAYA 
999 |a 0005136   |b BUKU   |c PINJAMAN   |e PERPUSTAKAAN KOMUNITI PETALING JAYA